Влияние компонентов композиции на процесс получения сверхлёгких пенополиуретанов; Химия и химическая технология на рубеже тысячелетий

Bibliografische gegevens
Parent link:Химия и химическая технология на рубеже тысячелетий.— 2004.— [С. 61-62]
Andere auteurs: Клименко А. В., Какорина М. В., Никитина Л. А., Панов Ю. Т.
Samenvatting:Заглавие с титульного листа
Электронная версия печатной публикации
Taal:Russisch
Gepubliceerd in: 2004
Onderwerpen:
Online toegang:http://www.lib.tpu.ru/fulltext/v/Conferences/2004/K01/41049.pdf
Formaat: Elektronisch Hoofdstuk
KOHA link:https://koha.lib.tpu.ru/cgi-bin/koha/opac-detail.pl?biblionumber=218157

MARC

LEADER 00000naa2a2200000 4500
001 218157
005 20260127141249.0
035 |a (RuTPU)RU\TPU\book\238168 
035 |a RU\TPU\book\238166 
090 |a 218157 
100 |a 20120615d2004 k y0rusy50 ca 
101 0 |a rus 
102 |a RU 
135 |a drnn ---uucaa 
181 0 |a i  
182 0 |a b 
200 1 |a Влияние компонентов композиции на процесс получения сверхлёгких пенополиуретанов  |f А. В. Клименко [и др.] 
203 |a Текст  |c электронный 
215 |a 1 файл ( 328 Кб) 
300 |a Заглавие с титульного листа 
300 |a Электронная версия печатной публикации 
337 |a Adobe Reader 
463 1 |0 (RuTPU)RU\TPU\book\74583  |t Химия и химическая технология на рубеже тысячелетий  |o материалы III Всероссийской научной конференции, Томск, 2-4 сентября 2004 г.  |f Российское химическое общество им. Д. И. Менделеева; Химия и химическая технология на рубеже тысячелетий. Всероссийская научная конференция; Российская Академия естествознания; Администрация Томской области; ООО "Томскнефтехим"; ЗАО "Метанол"; Томский политехнический университет  |v [С. 61-62]  |d 2004 
610 1 |a пенополиуретаны 
610 1 |a композиции 
610 1 |a сверхлегкие вещества 
610 1 |a получение 
610 1 |a вспенивание 
610 1 |a электронный ресурс 
701 1 |a Клименко  |b А. В. 
701 1 |a Какорина  |b М. В. 
701 1 |a Никитина  |b Л. А. 
701 1 |a Панов  |b Ю. Т. 
801 1 |a RU  |b 63413507  |c 20120529 
801 2 |a RU  |b 63413507  |c 20120615  |g RCR 
856 4 |u http://www.lib.tpu.ru/fulltext/v/Conferences/2004/K01/41049.pdf 
942 |c CF